| 000 | 01086nam a2200241 a 4500 | ||
|---|---|---|---|
| 001 | BRCA_6379 | ||
| 005 | 20190320205430.0 | ||
| 008 | 100811s1943----mx-a######---#000-0#spa-# | ||
| 041 | _aspa | ||
| 044 | _amx | ||
| 050 | 4 |
_aPQ7100 _b.H54 2 1946 |
|
| 245 | 1 | 0 |
_aEl hijo pródigo _bRevista literaria _cOctavio G. Barreda editor; Isaac Rojas Rosillo administrador. |
| 260 |
_aMéxico _bLetras de México _c1946 |
||
| 300 |
_a9 v. _bil. _c23 cm. |
||
| 500 | _aRevista inventariada por Banco de México como libro | ||
| 500 | _aVer también K188, K190 y K191 | ||
| 500 | _aK189 | ||
| 505 | 0 | _aContenido: v.1. vol. XI, No. 34, Enero 1946.-- v.2. vol. XI, No. 35, Febrero 1946.-- v.3. vol. XI, No. 36, Marzo 1946.-- v.4. vol. XII, No. 37, Abril 1946.-- v.5. vol. XII, No. 38, Mayo 1946.-- v.6. vol. XII, No. 39, Junio 1946.-- v.7: vol. XIII, No. 40, Julio 1946.-- v.8: vol. XIII, No. 41, Agosto 1946.-- v.9: vol. XIII, No. 42, Septiembre 1946. | |
| 650 | 1 | 4 |
_aLiteratura mexicana _vPublicaciones periódicas _915868 |
| 650 | 1 | 4 |
_aArte _zMéxico _915968 |
| 902 | _aGFM | ||
| 942 |
_2lcc _cB |
||
| 999 |
_c6065 _d6065 |
||